[Event "Netanya op"]
[Site "Netanya"]
[Date "2019.06.23"]
[Round "1"]
[White "Baran, Yulia"]
[Black "Gleizer, Mark"]
[Result "0-1"]
[WhiteElo "1344"]
[BlackElo "2173"]
[PlyCount "58"]
[EventDate "2019.06.23"]
[EventType "swiss"]
[EventRounds "9"]
[EventCountry "ISR"]
[SourceTitle "CBM 191 Extra"]
[Source "ChessBase"]
[SourceDate "2019.09.30"]
[SourceVersion "1"]
[SourceVersionDate "2019.09.30"]
[SourceQuality "1"]

1. e4 Nf6 2. Nc3 d5 3. exd5 Nxd5 4. Nxd5 Qxd5 5. d4 Nc6 6. Nf3 Bg4 7. Be2 0-0-0 8. c3 e5 9. dxe5 Qe4 10. Bd2 Bxf3 11. gxf3 Qxe5 12. Qc2 Bc5 13. Rd1 Rde8 14. Bc1 Re6 15. f4 Qf6 16. Kf1 Qh4 17. Bf3 Rhe8 18. h3 h5 19. Kg2 Rg6+ 20. Kf1 Kb8 21. Re1 Rxe1+ 22. Kxe1 a6 23. Kf1 Re6 24. Kg2 Rg6+ 25. Kf1 Re6 26. Kg2 Ne7 27. Rf1 c6 28. Rd1 Rg6+ 29. Kh2 Bxf2 0-1